1535 1581 1273 1781 1585 1565 1604 1173 1573 1294 1940 1545 1572 1478 1706 1566 1444 1527 1407 1042 1553 1530 1829 1922 1107 1558 1864 1508 1624 1050 1897 1571 1765 1056 1406 1163 1706 1116 1396 1937 1254 1551 1597 1552 1045 1551 1220 1282 1219 1155 1438 1585 1011 1678 1739 1911 1108 1109 1521 1927 1265 1509 1599 1469 1129 1443 1944 1711 1729 1361 1002 1461 1734 1817 1232 1823 1220 1983 1122 1637 1076 1820 1107 1974 1919 1304 1607 1033 1335 1597 1594 1065 1751 1633 1499 1125 1349 1594 1475 BCNSPRNW ULIB Ver.6.0+V

เปลี่ยนเป็นภาษาไทย

Change to English
 แสดงรายละเอียดบรรณานุกรม
  กลับหน้าหลัก

Brief Record : Get Marc (ISO 2709) : E-mail record : QR code < ปิดหน้าต่าง
LEADER : 00000nam 2200000uu 4500
001    13399111848
003     ULIB
008    110711s2551||||th 000 0 tha d
020    9749508629
060 04 WG340^bส574ม 2551
100 0  สันต์ หัตถีรัตน์
245 10 มารู้จักความดันเลือดสูงกันเถอะ /^cสันต์ หัตถีรัตน์และกองบรรณาธิการนิตยสารหมอชาวบ้าน
250    พิมพ์ครั้งที่ 14
260    กรุงเทพฯ :^bหมอชาวบ้าน,^c2551
300    41 หน้า :^bภาพประกอบ ;^c22 ซม.
650  7 ความดันเลือดสูง
945    ^p50^l0^i18308
945    ^p50^l0^i18309
945    ^p50^l0^i18310
945    ^p50^l0^i24616
945    ^p50^l0^i24617
995    กัณชพร
999    ^aใช้งานได้ทุกระบบ
รายการนี้ยังไม่มีแท็ก
คุณยังไม่ได้ล็อกอิน คุณสามารถมีกิจกรรมร่วมกับเว็บไซต์ได้ แต่ต้องล็อกอินก่อน ::
  ล็อกอิน

รายการสื่อสารสนเทศ

ลำดับที่ ประเภท เลขเรียก/บาร์โค้ด สถานที่ สถานะ
1. วิทยาศาสตร์การแพทย์ และสุขภาพ
วิทยาศาสตร์การแพทย์ และสุขภาพ
WG340 ส574ม 2551 ฉ.4 
  Barcode: 24616
ห้องสมุดวิทยาเขตสวรรค์ประชารักษ์
►หนังสือทั่วไป
บนชั้น
2. วิทยาศาสตร์การแพทย์ และสุขภาพ
วิทยาศาสตร์การแพทย์ และสุขภาพ
WG340 ส574ม 2551 ฉ.5 
  Barcode: 24617
ห้องสมุดวิทยาเขตสวรรค์ประชารักษ์
►หนังสือทั่วไป
บนชั้น

รายการใกล้เคียง
    ผู้แต่ง [สันต์ หัตถีรัตน์]

    หัวเรื่อง [ความดันเลือดสูง]

BibComment


ยังไม่เคยถูกคอมเมนท์

คอมเมนท์ทรัพยากรรายการนี้
  คอมเมนท์: มารู้จักความดันเล..


 Copyright 2026. Bcnsprnw @Library